000 00333nam a2200133Ia 4500
008 240624s9999 xx 000 0 und d
041 _aeng
082 _a658.4 HOS
100 _aHOSSAIN LIAQUAT
245 _aENTERPRISE RESOURCE PLANNING GLOBAL OPPO
260 _c2002
_bIdea Group Publishing
300 _a300 : p.
365 _c
_b30
999 _c10625
_d10625